00624nam a2200145 a 450000100100000000500170001000800410002704000250006811000780009324500920017126000720026330000210033595201050035699900170046100004516320201002045930.0150205s1998 dr r 000 0 spa d aDO-SdBNPbspacBNPHU1 aRepública DominicanabBanco Central de la República Dominicana94287310aDirectorio industrial marco muestral de las encuestas de manufactura del Banco Central. aSanto Domingo :bBanco Central de la República Dominicana,c1998. a106 p. ;c28 cm. 0010718PDaPDbPDcHDd2015-02-05iLF1l0o p45163-10r2020-06-25w2020-06-25yLFPDZNo se presta c44652d44652